Kefahaman masyarakat Islam terhadap konsep 'Ibad al-Rahman : kajian di kalangan guru-guru Sekolah Menengah Agama di Kuala Terengganu /
محفوظ في:
| المؤلف الرئيسي: | |
|---|---|
| التنسيق: | أطروحة كتاب |
| اللغة: | Malay |
| منشور في: |
2003.
|
| الموضوعات: | |
| الوصول للمادة أونلاين: | http://studentsrepo.um.edu.my/id/eprint/1181 |
| الوسوم: |
إضافة وسم
لا توجد وسوم, كن أول من يضع وسما على هذه التسجيلة!
|
| LEADER | 01802cam a2200409 a 4500 | ||
|---|---|---|---|
| 001 | u520188 | ||
| 003 | SIRSI | ||
| 008 | 910521s2003 my a t 00 1 may m | ||
| 035 | |a ADA-3099 | ||
| 040 | |a UMA |d UMM |e rda | ||
| 041 | 0 | |a mayara | |
| 043 | |a a-my-tr | ||
| 090 | |a BP42 |b A2 UM 2003 Anii | ||
| 094 | |a BP42 |b A2 UM 2003 Anii | ||
| 100 | 0 | 0 | |a Anisah Ibrahim |e author. |
| 245 | 1 | 0 | |a Kefahaman masyarakat Islam terhadap konsep 'Ibad al-Rahman : |b kajian di kalangan guru-guru Sekolah Menengah Agama di Kuala Terengganu / |c Anisah Ibrahim. |
| 264 | 1 | |c 2003. | |
| 264 | 4 | |c 2003. | |
| 300 | |a xvii, 147 leaves : |b illustrations ; |c 30 cm. | ||
| 336 | |a text |2 rdacontent | ||
| 337 | |a unmediated |2 rdamedia | ||
| 338 | |a volume |2 rdacarrier | ||
| 500 | |a Diselia oleh Dr. Abdul Rashid Ahmad. | ||
| 500 | |a AIUM. | ||
| 502 | |a Dissertation (M.Usuluddin) -- Jabatan Al-Quran dan Al-Hadith, Akademi Pengajian Islam, Universiti Malaya, 2003. | ||
| 504 | |a Bibliography: leaves 142-147. | ||
| 650 | 0 | |a Islamic ethics. | |
| 650 | 0 | |a Religious life |x Islam. | |
| 650 | 0 | |a High school teachers |x Religious life |z Terengganu | |
| 710 | 1 | 0 | |a Universiti Malaya. |b Jabatan Al-Quran dan Al-Hadith |
| 856 | 4 | 1 | |u http://studentsrepo.um.edu.my/id/eprint/1181 |
| 948 | |a 14/02/2004 |b 02/09/2004 | ||
| 596 | |a 1 12 18 | ||
| 999 | |a BP42 A2 UM 2003 ANII |w LC |c 1 |i A510936231 |l RESERVES |m P18ISLPURI |r Y |s Y |t TESIS |u 5/9/2004 | ||
| 999 | |a BP42 A2 UM 2003 ANII |w LC |c 1 |i A511466069 |d 11/12/2014 |e 11/12/2014 |l STACKS |m P12ISLAMKL |n 2 |r Y |s Y |t TESIS |u 14/12/2004 | ||
| 999 | |a BP42 A2 UM 2003 ANII |w LC |c 1 |i A511375729 |d 12/5/2005 |f 12/5/2005 |g 1 |l B_KOM4 |m P01UTAMA |r Y |s Y |t TESIS |u 16/2/2005 |o .PUBLIC. BKOM 4 : 28412 | ||
| 999 | |a BP42 A2 UM 2003 ANII |w LC |c 2 |i A511205706 |d 15/3/2016 |e 15/3/2016 |f 8/5/2008 |g 1 |l STACKS |m P01UTAMA |n 7 |r Y |s Y |t TESIS |u 7/5/2008 | ||
